Library Banner

SPSS Statistics for data analysis and visualization / (Record no. 113176)

MARC details
000 -LEADER
fixed length control field 00529nam a22001815i 4500
001 - CONTROL NUMBER
control field 19549711
005 - DATE AND TIME OF LATEST TRANSACTION
control field 20190720115258.0
008 - FIXED-LENGTH DATA ELEMENTS--GENERAL INFORMATION
fixed length control field 170310s2017 inu 000 0 eng
020 ## - INTERNATIONAL STANDARD BOOK NUMBER
International Standard Book Number 9788126569199(alk. paper)
040 ## - CATALOGING SOURCE
Transcribing agency PK-LaUMT
082 ## - DEWEY DECIMAL CLASSIFICATION NUMBER
Classification number 519.50285536
Item number MCC-S
100 1# - MAIN ENTRY--PERSONAL NAME
Personal name McCormick, Keith
245 10 - TITLE STATEMENT
Title SPSS Statistics for data analysis and visualization /
Statement of responsibility, etc by Keith McCormick and Jesus Salcedo
260 ## - PUBLICATION, DISTRIBUTION, ETC. (IMPRINT)
Place of publication, distribution, etc Indianapolis :
Name of publisher, distributor, etc Wiley India,
Date of publication, distribution, etc 2017
300 ## - PHYSICAL DESCRIPTION
Extent 490 p.
650 ## - SUBJECT ADDED ENTRY--TOPICAL TERM
Topical term or geographic name as entry element SPSS statistics
942 ## - ADDED ENTRY ELEMENTS (KOHA)
Koha item type Books
Holdings
Withdrawn status Lost status Damaged status Home library Current library Date acquired Full call number Barcode Date last seen Price effective from Koha item type
      UMT Main Campus UMT Main Campus 2019-07-12 519.50285536 MCC-S 130821 2019-10-08 2019-07-12 Books